Holiday Quiz

Random Holiday or Christmas Quiz
Score 0/10 Timer 05:00
0 Plays Today
Hint Answer % Correct
Train riding children seek SantaPolar Express
86.1%
Forgotten precocious child thwarts burglarsHome Alone
83.5%
Haunting of a wealthy miserA Christmas Carol
78.5%
Leg lamp and BB gunA Christmas Story
78.5%
Heartless hermit robs celebratory townHow the Grinch Stole Christmas
72.2%
Magical hat makes precipitation danceFrosty the Snowman
70.9%
Ostracized animal saves Christmas deliveriesRudolph the Red Nosed Reindeer
70.9%
Sanity trial for Santa ClausMiracle on 34th Street
69.6%
Toy executive replaces St. NickSanta Clause
65.8%
Transportation trifecta for stranded strangersPlanes, Trains, and Automobiles
62%
Remove Ads.
Support Sporcle.
Get the best of Sporcle when you Go Orange. This ad-free experience offers more features, more stats, and more fun while also helping to support Sporcle. Thank you for becoming a member.

You're not logged in!

Compare scores with friends on all Sporcle quizzes.
OR
Log In

Show Comments

Extras

Created Dec 10, 2018ReportNominate
Tags:Christmas Quiz

Top Quizzes Today


Score Distribution

Your Account Isn't Verified!

In order to create a playlist on Sporcle, you need to verify the email address you used during registration. Go to your Sporcle Settings to finish the process.

Report this User

Report this user for behavior that violates our Community Guidelines.

Details: